[Event "MITROPA Cup 2014 WOMEN Section"]
[Site "Ruzomberok SLOVAKIA"]
[Date "2014.05.23"]
[Round "1"]
[Board "1"]
[White "Dudas, Eszter"]
[Black "Srebrnic, Ana"]
[Result "0-1"]
[WhiteElo "2227"]
[BlackElo "2243"]
[PlyCount "0"]
[EventDate "2014.05.23"]
[EventType "team"]
[EventRounds "9"]
[EventCountry "SVK"]
[WhiteTeam "Hungary"]
[BlackTeam "Slovenia"]

1. e4 {[%clk 1:30:57]} e5 {[%clk 1:30:29]} 2. Nf3 {[%clk 1:31:17]} Nc6
{[%clk 1:30:50]} 3. Bb5 {[%clk 1:31:03]} a6 {[%clk 1:31:11]} 4. Ba4
{[%clk 1:31:23]} d6 {[%clk 1:31:26]} 5. O-O {[%clk 1:30:41]} Bd7 {[%clk 1:30:40]}
6. c3 {[%clk 1:29:46]} g6 {[%clk 1:27:09]} 7. d4 {[%clk 1:29:05]} Bg7
{[%clk 1:24:17]} 8. Be3 {[%clk 1:25:57]} Nf6 {[%clk 1:16:59]} 9. d5
{[%clk 1:15:17]} Ne7 {[%clk 1:15:28]} 10. Bxd7+ {[%clk 1:12:18]} Qxd7
{[%clk 1:15:24]} 11. Nfd2 {[%clk 1:03:01]} Ng4 {[%clk 1:05:19]} 12. Qe2
{[%clk 1:00:20]} Nxe3 {[%clk 1:03:44]} 13. Qxe3 {[%clk 0:59:41]} h5
{[%clk 1:01:56]} 14. c4 {[%clk 0:58:38]} Bh6 {[%clk 1:01:43]} 15. Qe2
{[%clk 0:56:32]} Qg4 {[%clk 0:53:26]} 16. f3 {[%clk 0:47:07]} Qg5
{[%clk 0:49:41]} 17. Re1 {[%clk 0:47:19]} f5 {[%clk 0:44:21]} 18. Nf1
{[%clk 0:33:26]} O-O {[%clk 0:30:22]} 19. Nc3 {[%clk 0:32:23]} Rf7
{[%clk 0:28:58]} 20. b4 {[%clk 0:24:40]} h4 {[%clk 0:26:09]} 21. Kh1
{[%clk 0:16:34]} Raf8 {[%clk 0:20:57]} 22. c5 {[%clk 0:14:59]} Qh5
{[%clk 0:20:00]} 23. cxd6 {[%clk 0:10:33]} cxd6 {[%clk 0:20:22]} 24. Ne3
{[%clk 0:09:15]} h3 {[%clk 0:13:42]} 25. Rf1 {[%clk 0:06:50]} hxg2+
{[%clk 0:06:31]} 26. Nxg2 {[%clk 0:07:12]} fxe4 {[%clk 0:03:08]} 27. Nxe4
{[%clk 0:06:47]} Rxf3 {[%clk 0:02:40]} 28. Rxf3 {[%clk 0:06:06]} Qxf3
{[%clk 0:02:37]} 29. Qxf3 {[%clk 0:05:57]} Rxf3 {[%clk 0:03:02]} 30. Nxd6
{[%clk 0:04:34]} Nxd5 {[%clk 0:03:04]} 31. Nxb7 {[%clk 0:01:37]} Nxb4
{[%clk 0:02:39]} 32. Nh4 {[%clk 0:01:24]} Rf6 {[%clk 0:00:55]} 33. a3
{[%clk 0:01:15]} Nd3 {[%clk 0:00:59]} 34. Rb1 {[%clk 0:01:15]} Bg5
{[%clk 0:00:53]} 35. Ng2 {[%clk 0:01:24]} Bd2 {[%clk 0:00:38]} 36. h3
{[%clk 0:01:19]} e4 {[%clk 0:00:41]} 37. Rb3 {[%clk 0:01:05]} Rf1+
{[%clk 0:00:36]} 38. Kh2 {[%clk 0:01:31]} Nc1 {[%clk 0:00:43]} 39. Rg3
{[%clk 0:01:09]} Kh7 {[%clk 0:01:07]} 40. Nc5 {[%clk 0:01:13]} Ne2
{[%clk 0:00:46]} 41. Rb3 {[%clk 0:28:07]} Bc3 {[%clk 0:19:35]} 42. Rb7+
{[%clk 0:24:29]} Kh6 {[%clk 0:18:37]} 43. Re7 {[%clk 0:21:48]} Bd4
{[%clk 0:16:45]} 0-1

[Event "MITROPA Cup 2014 WOMEN Section"]
[Site "Ruzomberok SLOVAKIA"]
[Date "2014.05.23"]
[Round "1"]
[Board "2"]
[White "Kolaric, Spela"]
[Black "Varga, Melinda"]
[Result "0-1"]
[WhiteElo "2048"]
[BlackElo "2163"]
[PlyCount "0"]
[EventDate "2014.05.23"]
[EventType "team"]
[EventRounds "9"]
[EventCountry "SVK"]
[WhiteTeam "Slovenia"]
[BlackTeam "Hungary"]

1. d4 {[%clk 1:30:49]} d5 {[%clk 1:30:55]} 2. c4 {[%clk 1:30:53]} c6
{[%clk 1:31:18]} 3. Nf3 {[%clk 1:30:39]} Nf6 {[%clk 1:31:38]} 4. e3
{[%clk 1:30:35]} Nbd7 {[%clk 1:31:11]} 5. Bd3 {[%clk 1:23:18]} dxc4
{[%clk 1:29:54]} 6. Bxc4 {[%clk 1:23:20]} e6 {[%clk 1:30:10]} 7. O-O
{[%clk 1:22:06]} b5 {[%clk 1:24:59]} 8. Be2 {[%clk 1:18:01]} Bb7 {[%clk 1:24:43]}
9. a4 {[%clk 1:16:24]} a6 {[%clk 1:23:35]} 10. Nbd2 {[%clk 1:14:03]} Bd6
{[%clk 1:20:30]} 11. e4 {[%clk 0:55:13]} e5 {[%clk 1:06:12]} 12. dxe5
{[%clk 0:54:15]} Nxe5 {[%clk 1:06:08]} 13. Nxe5 {[%clk 0:53:57]} Bxe5
{[%clk 1:06:32]} 14. Nf3 {[%clk 0:53:06]} Qc7 {[%clk 0:46:30]} 15. Nxe5
{[%clk 0:48:13]} Qxe5 {[%clk 0:43:28]} 16. f3 {[%clk 0:46:52]} O-O
{[%clk 0:43:04]} 17. Qb3 {[%clk 0:40:02]} Rad8 {[%clk 0:40:45]} 18. Be3
{[%clk 0:37:43]} Rfe8 {[%clk 0:36:08]} 19. Rfd1 {[%clk 0:33:33]} h6
{[%clk 0:30:03]} 20. Rxd8 {[%clk 0:30:23]} Rxd8 {[%clk 0:30:28]} 21. Rd1
{[%clk 0:30:08]} Rxd1+ {[%clk 0:20:12]} 22. Bxd1 {[%clk 0:30:18]} Bc8
{[%clk 0:18:29]} 23. Qd3 {[%clk 0:20:30]} Qe7 {[%clk 0:13:58]} 24. Qd4
{[%clk 0:16:51]} Be6 {[%clk 0:13:05]} 25. Bc2 {[%clk 0:14:03]} Nd7
{[%clk 0:13:01]} 26. Qa7 {[%clk 0:13:04]} Qb4 {[%clk 0:11:59]} 27. h3
{[%clk 0:10:52]} c5 {[%clk 0:10:05]} 28. Qa8+ {[%clk 0:09:05]} Kh7
{[%clk 0:10:34]} 29. e5+ {[%clk 0:05:37]} g6 {[%clk 0:11:03]} 30. Qe4
{[%clk 0:04:45]} Qxb2 {[%clk 0:08:46]} 31. f4 {[%clk 0:03:24]} Qb4
{[%clk 0:07:07]} 32. axb5 {[%clk 0:02:37]} axb5 {[%clk 0:05:35]} 33. Qf3
{[%clk 0:01:52]} Kg7 {[%clk 0:04:18]} 34. f5 {[%clk 0:01:00]} Bxf5
{[%clk 0:02:41]} 35. Bxf5 {[%clk 0:00:49]} gxf5 {[%clk 0:02:38]} 36. Qxf5
{[%clk 0:00:54]} Qe1+ {[%clk 0:02:42]} 37. Kh2 {[%clk 0:01:12]} Qxe3
{[%clk 0:03:03]} 38. Qxd7 {[%clk 0:01:27]} Qxe5+ {[%clk 0:03:29]} 39. Kh1
{[%clk 0:01:45]} Qe1+ {[%clk 0:03:39]} 40. Kh2 {[%clk 0:02:04]} Qe5+
{[%clk 0:04:05]} 41. Kh1 {[%clk 0:02:22]} b4 {[%clk 0:04:10]} 42. Qg4+
{[%clk 0:02:27]} Kf6 {[%clk 0:02:02]} 43. Qh4+ {[%clk 0:02:15]} Qg5
{[%clk 0:29:23]} 44. Qc4 {[%clk 0:32:00]} Qe3 {[%clk 0:28:51]} 45. Qh4+
{[%clk 0:30:39]} Ke6 {[%clk 0:28:07]} 46. Qc4+ {[%clk 0:28:53]} Ke5
{[%clk 0:27:08]} 47. Qb5 {[%clk 0:27:10]} Qc1+ {[%clk 0:23:30]} 48. Kh2
{[%clk 0:27:31]} Qf4+ {[%clk 0:23:49]} 49. Kh1 {[%clk 0:27:42]} Kd4
{[%clk 0:23:45]} 50. Qa4 {[%clk 0:27:01]} Qf1+ {[%clk 0:23:29]} 51. Kh2
{[%clk 0:27:23]} Kc3 {[%clk 0:23:38]} 52. Qa5 {[%clk 0:26:10]} c4
{[%clk 0:23:10]} 53. Qe5+ {[%clk 0:25:02]} Kc2 {[%clk 0:23:13]} 54. Qe4+
{[%clk 0:22:19]} Qd3 {[%clk 0:23:03]} 55. Qf4 {[%clk 0:21:41]} b3
{[%clk 0:22:35]} 56. Qf2+ {[%clk 0:20:59]} Kd1 {[%clk 0:22:15]} 57. Qb2
{[%clk 0:20:38]} Qd6+ {[%clk 0:21:49]} 58. Kh1 {[%clk 0:20:43]} Qd2
{[%clk 0:21:58]} 59. Qa1+ {[%clk 0:19:48]} Kc2 {[%clk 0:19:28]} 60. Qa4
{[%clk 0:18:29]} c3 {[%clk 0:19:37]} 0-1

[Event "MITROPA Cup 2014 WOMEN Section"]
[Site "Ruzomberok SLOVAKIA"]
[Date "2014.05.23"]
[Round "1"]
[Board "1"]
[White "Exler, Veronika"]
[Black "Fuchs, Judith"]
[Result "1/2-1/2"]
[WhiteElo "2156"]
[BlackElo "2304"]
[PlyCount "0"]
[EventDate "2014.05.23"]
[EventType "team"]
[EventRounds "9"]
[EventCountry "SVK"]
[WhiteTeam "Austria"]
[BlackTeam "Germany"]

1. d4 {[%clk 1:30:59]} Nf6 {[%clk 1:30:54]} 2. c4 {[%clk 1:31:25]} d6
{[%clk 1:31:17]} 3. Nf3 {[%clk 1:31:17]} Nbd7 {[%clk 1:31:23]} 4. Nc3
{[%clk 1:27:21]} e5 {[%clk 1:31:04]} 5. g3 {[%clk 1:22:20]} c6 {[%clk 1:31:14]}
6. Bg2 {[%clk 1:22:13]} Be7 {[%clk 1:31:35]} 7. O-O {[%clk 1:22:27]} O-O
{[%clk 1:32:00]} 8. e4 {[%clk 1:14:53]} a6 {[%clk 1:31:27]} 9. a4
{[%clk 1:06:20]} a5 {[%clk 1:31:32]} 10. h3 {[%clk 1:02:23]} Re8 {[%clk 1:27:14]}
11. Re1 {[%clk 0:49:48]} Bf8 {[%clk 1:25:57]} 12. b3 {[%clk 0:47:20]} Qc7
{[%clk 1:10:34]} 13. Ba3 {[%clk 0:44:29]} b6 {[%clk 1:05:51]} 14. d5
{[%clk 0:35:57]} cxd5 {[%clk 0:47:07]} 15. Nxd5 {[%clk 0:34:51]} Nxd5
{[%clk 0:47:28]} 16. Qxd5 {[%clk 0:34:59]} Bb7 {[%clk 0:47:29]} 17. Qd3
{[%clk 0:28:58]} Nc5 {[%clk 0:43:15]} 18. Bxc5 {[%clk 0:28:13]} bxc5
{[%clk 0:40:57]} 19. Nd2 {[%clk 0:28:18]} Bc6 {[%clk 0:36:35]} 20. Nb1
{[%clk 0:28:41]} Qb7 {[%clk 0:25:53]} 21. Na3 {[%clk 0:26:53]} Qb4
{[%clk 0:25:53]} 22. Nb5 {[%clk 0:18:31]} Red8 {[%clk 0:23:37]} 23. Red1
{[%clk 0:14:56]} Be7 {[%clk 0:22:16]} 24. Qc2 {[%clk 0:14:34]} Rd7
{[%clk 0:19:12]} 25. h4 {[%clk 0:13:55]} Rdd8 {[%clk 0:18:56]} 26. Rd3
{[%clk 0:12:11]} Rd7 {[%clk 0:17:36]} 27. f3 {[%clk 0:08:43]} Ra6
{[%clk 0:13:46]} 28. Bh3 {[%clk 0:08:22]} Rd8 {[%clk 0:14:08]} 29. Rad1
{[%clk 0:07:55]} Be8 {[%clk 0:07:30]} 30. R1d2 {[%clk 0:05:57]} Rb6
{[%clk 0:07:03]} 31. Kf2 {[%clk 0:03:55]} g6 {[%clk 0:06:08]} 32. Nc7
{[%clk 0:03:46]} Bc6 {[%clk 0:06:17]} 33. Nb5 {[%clk 0:03:58]} Be8
{[%clk 0:03:58]} 34. Nc7 {[%clk 0:03:04]} Bc6 {[%clk 0:04:24]} 35. Nb5
{[%clk 0:03:28]} Be8 {[%clk 0:03:44]} 36. Nc7 {[%clk 0:02:45]} 1/2-1/2

[Event "MITROPA Cup 2014 WOMEN Section"]
[Site "Ruzomberok SLOVAKIA"]
[Date "2014.05.23"]
[Round "1"]
[Board "2"]
[White "Osmanodja, Filiz"]
[Black "Hapala, Lisa"]
[Result "1-0"]
[WhiteElo "2271"]
[BlackElo "2062"]
[PlyCount "0"]
[EventDate "2014.05.23"]
[EventType "team"]
[EventRounds "9"]
[EventCountry "SVK"]
[WhiteTeam "Germany"]
[BlackTeam "Austria"]

1. e4 {[%clk 1:30:59]} e5 {[%clk 1:30:56]} 2. Nf3 {[%clk 1:31:25]} Nc6
{[%clk 1:31:23]} 3. Bb5 {[%clk 1:31:51]} a6 {[%clk 1:31:49]} 4. Ba4
{[%clk 1:32:18]} Nf6 {[%clk 1:32:15]} 5. O-O {[%clk 1:32:44]} Be7
{[%clk 1:32:42]} 6. Re1 {[%clk 1:33:09]} b5 {[%clk 1:33:08]} 7. Bb3
{[%clk 1:33:35]} d6 {[%clk 1:33:33]} 8. c3 {[%clk 1:33:57]} O-O {[%clk 1:33:54]}
9. h3 {[%clk 1:34:25]} Nb8 {[%clk 1:34:02]} 10. d4 {[%clk 1:34:32]} Nbd7
{[%clk 1:34:27]} 11. Nbd2 {[%clk 1:34:53]} Bb7 {[%clk 1:34:45]} 12. Bc2
{[%clk 1:35:08]} Re8 {[%clk 1:35:07]} 13. Nf1 {[%clk 1:35:11]} Bf8
{[%clk 1:35:24]} 14. Ng3 {[%clk 1:34:20]} g6 {[%clk 1:35:44]} 15. a4
{[%clk 1:34:30]} c5 {[%clk 1:35:58]} 16. d5 {[%clk 1:34:43]} c4 {[%clk 1:36:22]}
17. Bg5 {[%clk 1:34:20]} Be7 {[%clk 1:36:21]} 18. Be3 {[%clk 1:33:42]} Qc7
{[%clk 1:36:21]} 19. Nd2 {[%clk 1:30:46]} Nc5 {[%clk 1:34:42]} 20. Rf1
{[%clk 1:23:15]} Bf8 {[%clk 1:34:01]} 21. Ne2 {[%clk 1:21:46]} Bg7
{[%clk 1:27:20]} 22. f3 {[%clk 1:16:57]} Nfd7 {[%clk 1:19:13]} 23. Qe1
{[%clk 1:09:52]} Nb6 {[%clk 1:12:18]} 24. a5 {[%clk 1:05:25]} Nbd7
{[%clk 0:36:03]} 25. g4 {[%clk 1:01:14]} Qd8 {[%clk 0:28:51]} 26. h4
{[%clk 0:55:49]} Qe7 {[%clk 0:18:09]} 27. Kg2 {[%clk 0:52:26]} Nf8
{[%clk 0:16:14]} 28. Rh1 {[%clk 0:48:38]} Bc8 {[%clk 0:11:46]} 29. Qg3
{[%clk 0:42:04]} Rb8 {[%clk 0:10:08]} 30. h5 {[%clk 0:32:25]} Qd8
{[%clk 0:09:03]} 31. Rh3 {[%clk 0:24:14]} Bf6 {[%clk 0:07:32]} 32. f4
{[%clk 0:09:43]} exf4 {[%clk 0:07:48]} 33. Bxf4 {[%clk 0:09:54]} Be5
{[%clk 0:06:56]} 34. Nd4 {[%clk 0:05:34]} Bb7 {[%clk 0:05:42]} 35. Bxe5
{[%clk 0:02:32]} Rxe5 {[%clk 0:06:07]} 36. N4f3 {[%clk 0:02:09]} Re8
{[%clk 0:06:16]} 37. Qf4 {[%clk 0:02:13]} Qe7 {[%clk 0:03:01]} 38. Rf1
{[%clk 0:01:55]} Bc8 {[%clk 0:00:42]} 39. Kg3 {[%clk 0:01:08]} Ncd7
{[%clk 0:00:47]} 40. Rh2 {[%clk 0:00:36]} Ne5 {[%clk 0:00:41]} 41. Nxe5
{[%clk 0:28:10]} Qxe5 {[%clk 0:29:04]} 42. Qxe5 {[%clk 0:23:57]} Rxe5
{[%clk 0:29:27]} 43. Rf6 {[%clk 0:16:58]} Rg5 {[%clk 0:23:55]} 44. Bd1
{[%clk 0:17:05]} gxh5 {[%clk 0:23:34]} 45. Rxh5 {[%clk 0:13:51]} Rg6
{[%clk 0:23:22]} 46. Rf4 {[%clk 0:12:25]} Nd7 {[%clk 0:20:35]} 47. Nf3
{[%clk 0:09:38]} Nf6 {[%clk 0:15:16]} 48. Rg5 {[%clk 0:08:57]} Rxg5
{[%clk 0:14:07]} 49. Nxg5 {[%clk 0:09:09]} Kg7 {[%clk 0:13:30]} 50. Nxf7
{[%clk 0:05:00]} Nxe4+ {[%clk 0:10:59]} 51. Kf3 {[%clk 0:04:02]} Rb7
{[%clk 0:06:52]} 52. Kxe4 {[%clk 0:01:57]} Rxf7 {[%clk 0:07:17]} 53. Rxf7+
{[%clk 0:01:50]} Kxf7 {[%clk 0:07:44]} 54. g5 {[%clk 0:01:09]} Kg7
{[%clk 0:01:56]} 55. Bh5 {[%clk 0:00:42]} Bd7 {[%clk 0:01:03]} 56. Kf3
{[%clk 0:00:42]} h6 {[%clk 0:00:45]} 57. Bg4 {[%clk 0:00:40]} Bxg4+
{[%clk 0:00:35]} 58. Kxg4 {[%clk 0:01:08]} hxg5 {[%clk 0:00:39]} 59. Kxg5
{[%clk 0:01:32]} Kf7 {[%clk 0:00:36]} 60. Kf5 {[%clk 0:01:55]} Ke7
{[%clk 0:00:34]} 61. Kg6 {[%clk 0:02:16]} Ke8 {[%clk 0:00:32]} 62. Kf6
{[%clk 0:02:36]} Kd7 {[%clk 0:00:37]} 63. Kf7 {[%clk 0:03:01]} Kd8
{[%clk 0:00:39]} 64. Ke6 {[%clk 0:03:22]} Kc7 {[%clk 0:01:05]} 65. Ke7
{[%clk 0:03:47]} 1-0

[Event "MITROPA Cup 2014 WOMEN Section"]
[Site "Ruzomberok SLOVAKIA"]
[Date "2014.05.23"]
[Round "1"]
[Board "1"]
[White "Marikova, Jana"]
[Black "Novosadova, Kristyna"]
[Result "1/2-1/2"]
[WhiteElo "2094"]
[BlackElo "2205"]
[PlyCount "0"]
[EventDate "2014.05.23"]
[EventType "team"]
[EventRounds "9"]
[EventCountry "SVK"]
[WhiteTeam "Czech republic B"]
[BlackTeam "Czech republic A"]

1. d4 {[%clk 1:30:58]} d5 {[%clk 1:30:53]} 2. c4 {[%clk 1:31:23]} c6
{[%clk 1:31:16]} 3. Nc3 {[%clk 1:31:44]} Nf6 {[%clk 1:31:37]} 4. Nf3
{[%clk 1:32:08]} e6 {[%clk 1:31:56]} 5. Bg5 {[%clk 1:32:32]} Nbd7
{[%clk 1:32:18]} 6. e3 {[%clk 1:32:56]} Qa5 {[%clk 1:32:37]} 7. Nd2
{[%clk 1:33:09]} Bb4 {[%clk 1:32:51]} 8. Qc2 {[%clk 1:33:34]} O-O
{[%clk 1:32:47]} 9. Bxf6 {[%clk 1:33:19]} Nxf6 {[%clk 1:33:07]} 10. Bd3
{[%clk 1:33:37]} c5 {[%clk 1:31:52]} 11. O-O {[%clk 1:32:33]} cxd4
{[%clk 1:30:16]} 12. exd4 {[%clk 1:32:50]} dxc4 {[%clk 1:29:02]} 13. Nxc4
{[%clk 1:32:50]} Qc7 {[%clk 1:27:46]} 14. Ne4 {[%clk 1:26:47]} Ng4
{[%clk 1:14:11]} 15. Ng3 {[%clk 1:23:02]} Nf6 {[%clk 1:09:13]} 16. Ne4
{[%clk 1:17:55]} Ng4 {[%clk 1:04:32]} 17. Ng3 {[%clk 1:16:18]} Nf6
{[%clk 1:02:47]} 18. Ne4 {[%clk 1:14:34]} 1/2-1/2

[Event "MITROPA Cup 2014 WOMEN Section"]
[Site "Ruzomberok SLOVAKIA"]
[Date "2014.05.23"]
[Round "1"]
[Board "2"]
[White "Mareckova, Martina"]
[Black "Miturova, Magdalena"]
[Result "1/2-1/2"]
[WhiteElo "2114"]
[BlackElo "2060"]
[PlyCount "0"]
[EventDate "2014.05.23"]
[EventType "team"]
[EventRounds "9"]
[EventCountry "SVK"]
[WhiteTeam "Czech republic A"]
[BlackTeam "Czech republic B"]

1. e4 {[%clk 1:30:57]} e5 {[%clk 1:30:54]} 2. Nf3 {[%clk 1:31:21]} Nc6
{[%clk 1:31:18]} 3. Bc4 {[%clk 1:31:44]} Nf6 {[%clk 1:31:42]} 4. d3
{[%clk 1:32:08]} Be7 {[%clk 1:32:02]} 5. O-O {[%clk 1:32:09]} d6 {[%clk 1:32:15]}
6. a4 {[%clk 1:30:15]} O-O {[%clk 1:32:29]} 7. Re1 {[%clk 1:29:28]} h6
{[%clk 1:25:56]} 8. a5 {[%clk 1:29:38]} a6 {[%clk 1:26:16]} 9. Nbd2
{[%clk 1:27:14]} Nh7 {[%clk 1:25:50]} 10. Nf1 {[%clk 1:27:08]} Ng5
{[%clk 1:25:15]} 11. Nxg5 {[%clk 1:24:02]} Bxg5 {[%clk 1:25:29]} 12. Ne3
{[%clk 1:23:33]} Be6 {[%clk 1:18:44]} 13. c3 {[%clk 1:03:59]} Bxc4
{[%clk 0:53:00]} 14. dxc4 {[%clk 1:03:54]} Bxe3 {[%clk 0:51:45]} 15. Bxe3
{[%clk 0:29:45]} Re8 {[%clk 0:40:22]} 16. b4 {[%clk 0:24:44]} Re6
{[%clk 0:34:39]} 17. Qh5 {[%clk 0:21:40]} Ne7 {[%clk 0:30:42]} 18. Rad1
{[%clk 0:21:11]} Qe8 {[%clk 0:30:43]} 19. c5 {[%clk 0:14:04]} Qc6
{[%clk 0:30:37]} 20. f3 {[%clk 0:06:18]} d5 {[%clk 0:29:59]} 21. exd5
{[%clk 0:06:22]} Nxd5 {[%clk 0:30:16]} 22. Bd2 {[%clk 0:04:15]} Rae8
{[%clk 0:28:32]} 23. Qf5 {[%clk 0:03:46]} Nf6 {[%clk 0:26:42]} 24. Be3
{[%clk 0:01:17]} g6 {[%clk 0:19:51]} 25. Qd3 {[%clk 0:00:39]} e4 {[%clk 0:19:46]}
26. fxe4 {[%clk 0:00:51]} Rxe4 {[%clk 0:19:15]} 27. Bf2 {[%clk 0:00:51]} Rxe1+
{[%clk 0:07:51]} 28. Rxe1 {[%clk 0:01:20]} Rxe1+ {[%clk 0:07:40]} 29. Bxe1
{[%clk 0:01:48]} Qe4 {[%clk 0:03:46]} 30. Qxe4 Nxe4 1/2-1/2

[Event "MITROPA Cup 2014 WOMEN Section"]
[Site "Ruzomberok SLOVAKIA"]
[Date "2014.05.23"]
[Round "1"]
[Board "1"]
[White "Kochetkova, Julia"]
[Black "Motycakova, Monika"]
[Result "1/2-1/2"]
[WhiteElo "2322"]
[BlackElo "2091"]
[PlyCount "0"]
[EventDate "2014.05.23"]
[EventType "team"]
[EventRounds "9"]
[EventCountry "SVK"]
[WhiteTeam "Slovakia A"]
[BlackTeam "Slovakia B"]

1. Nf3 {[%clk 1:30:57]} d5 {[%clk 1:30:53]} 2. g3 {[%clk 1:31:19]} Nf6
{[%clk 1:31:14]} 3. Bg2 {[%clk 1:31:26]} c6 {[%clk 1:31:17]} 4. O-O
{[%clk 1:31:23]} Bf5 {[%clk 1:31:43]} 5. d3 {[%clk 1:31:35]} h6 {[%clk 1:31:57]}
6. Nbd2 {[%clk 1:27:59]} e6 {[%clk 1:30:46]} 7. b3 {[%clk 1:23:04]} Be7
{[%clk 1:30:00]} 8. Bb2 {[%clk 1:22:00]} O-O {[%clk 1:29:58]} 9. c4
{[%clk 1:21:48]} Nbd7 {[%clk 1:26:51]} 10. Qc2 {[%clk 1:21:11]} Bh7
{[%clk 1:22:27]} 11. Rad1 {[%clk 1:18:45]} Qb6 {[%clk 1:11:15]} 12. Qc1
{[%clk 0:59:01]} a5 {[%clk 1:06:56]} 13. d4 {[%clk 0:56:26]} Rfe8
{[%clk 1:01:42]} 14. Ne5 {[%clk 0:53:03]} Nxe5 {[%clk 0:58:01]} 15. dxe5
{[%clk 0:53:28]} Nd7 {[%clk 0:58:10]} 16. cxd5 {[%clk 0:40:16]} cxd5
{[%clk 0:47:48]} 17. e4 {[%clk 0:40:02]} Rec8 {[%clk 0:36:22]} 18. Qa1
{[%clk 0:40:19]} dxe4 {[%clk 0:34:27]} 19. Nxe4 {[%clk 0:38:35]} Bxe4
{[%clk 0:33:04]} 20. Bxe4 {[%clk 0:39:00]} Nc5 {[%clk 0:33:01]} 21. Bd4
{[%clk 0:35:13]} Qb5 {[%clk 0:30:59]} 22. Bg2 {[%clk 0:34:36]} a4
{[%clk 0:18:20]} 23. bxa4 {[%clk 0:30:12]} Rxa4 {[%clk 0:16:48]} 24. Be3
{[%clk 0:23:09]} Qa5 {[%clk 0:06:04]} 25. Rd4 {[%clk 0:07:31]} Rxa2
{[%clk 0:04:50]} 26. Qb1 {[%clk 0:07:37]} Ra4 {[%clk 0:02:41]} 27. Rxa4
{[%clk 0:06:27]} Qxa4 {[%clk 0:02:34]} 28. Bxc5 {[%clk 0:05:19]} Bxc5
{[%clk 0:02:35]} 29. Qxb7 {[%clk 0:05:42]} Rd8 {[%clk 0:02:28]} 30. Kh1
{[%clk 0:04:14]} Qd4 {[%clk 0:01:48]} 31. Qe4 {[%clk 0:02:15]} 1/2-1/2

[Event "MITROPA Cup 2014 WOMEN Section"]
[Site "Ruzomberok SLOVAKIA"]
[Date "2014.05.23"]
[Round "1"]
[Board "2"]
[White "Milcova, Zuzana"]
[Black "Gazikova, Veronika"]
[Result "1-0"]
[WhiteElo "2025"]
[BlackElo "2144"]
[PlyCount "0"]
[EventDate "2014.05.23"]
[EventType "team"]
[EventRounds "9"]
[EventCountry "SVK"]
[WhiteTeam "Slovakia B"]
[BlackTeam "Slovakia A"]

1. e4 {[%clk 1:30:58]} e5 {[%clk 1:30:55]} 2. Nf3 {[%clk 1:31:24]} Nc6
{[%clk 1:31:19]} 3. d4 {[%clk 1:31:48]} exd4 {[%clk 1:31:43]} 4. Nxd4
{[%clk 1:32:12]} Nf6 {[%clk 1:32:07]} 5. Nxc6 {[%clk 1:32:29]} bxc6
{[%clk 1:32:31]} 6. Bd3 {[%clk 1:32:49]} d5 {[%clk 1:32:53]} 7. exd5
{[%clk 1:33:14]} cxd5 {[%clk 1:33:17]} 8. O-O {[%clk 1:33:25]} Be7
{[%clk 1:33:39]} 9. c3 {[%clk 1:30:30]} O-O {[%clk 1:32:57]} 10. Bf4
{[%clk 1:29:49]} Rb8 {[%clk 1:22:01]} 11. Qc2 {[%clk 1:25:24]} Bd6
{[%clk 1:21:53]} 12. Bg3 {[%clk 1:22:07]} Bxg3 {[%clk 1:12:48]} 13. hxg3
{[%clk 1:22:33]} c5 {[%clk 1:12:47]} 14. b3 {[%clk 1:19:01]} Qd6 {[%clk 1:10:11]}
15. Nd2 {[%clk 1:16:28]} Be6 {[%clk 1:01:25]} 16. Rfe1 {[%clk 1:07:52]} Rfc8
{[%clk 0:58:36]} 17. Rad1 {[%clk 1:02:31]} h6 {[%clk 0:56:29]} 18. Nc4
{[%clk 0:51:14]} Qc7 {[%clk 0:52:46]} 19. Ne5 {[%clk 0:50:04]} a5
{[%clk 0:45:59]} 20. Bf5 {[%clk 0:41:19]} Bxf5 {[%clk 0:43:36]} 21. Qxf5
{[%clk 0:41:47]} a4 {[%clk 0:42:28]} 22. bxa4 {[%clk 0:35:15]} Rb2
{[%clk 0:41:26]} 23. Ng4 {[%clk 0:32:08]} Nxg4 {[%clk 0:37:31]} 24. Qxg4
{[%clk 0:32:36]} Rd8 {[%clk 0:37:36]} 25. Rxd5 {[%clk 0:24:20]} Rxa2
{[%clk 0:35:21]} 26. Qc4 {[%clk 0:18:24]} Rxd5 {[%clk 0:29:43]} 27. Qxd5
{[%clk 0:18:47]} Rxa4 {[%clk 0:29:39]} 28. Re8+ {[%clk 0:17:28]} Kh7
{[%clk 0:30:00]} 29. Qf5+ {[%clk 0:17:39]} 1-0

[Event "MITROPA Cup 2014 WOMEN Section"]
[Site "Ruzomberok SLOVAKIA"]
[Date "2014.05.24"]
[Round "2"]
[Board "1"]
[White "Wozniak, Mariola"]
[Black "Motycakova, Monika"]
[Result "1-0"]
[WhiteElo "2092"]
[BlackElo "2091"]
[PlyCount "0"]
[EventDate "2014.05.23"]
[EventType "team"]
[EventRounds "9"]
[EventCountry "SVK"]
[WhiteTeam "Poland"]
[BlackTeam "Slovakia B"]

1. e4 {[%clk 1:30:57]} e5 {[%clk 1:30:46]} 2. Nf3 {[%clk 1:31:22]} Nc6
{[%clk 1:31:12]} 3. Bb5 {[%clk 1:31:45]} Nf6 {[%clk 1:31:14]} 4. O-O
{[%clk 1:31:58]} Nxe4 {[%clk 1:31:21]} 5. d4 {[%clk 1:30:22]} Nd6
{[%clk 1:30:55]} 6. Bxc6 {[%clk 1:28:44]} dxc6 {[%clk 1:31:18]} 7. dxe5
{[%clk 1:25:25]} Nf5 {[%clk 1:31:30]} 8. Qe2 {[%clk 1:19:51]} Nd4
{[%clk 1:31:03]} 9. Nxd4 {[%clk 1:19:07]} Qxd4 {[%clk 1:31:31]} 10. h3
{[%clk 1:13:21]} Bf5 {[%clk 1:23:07]} 11. Nc3 {[%clk 1:06:55]} Be7
{[%clk 1:14:50]} 12. Rd1 {[%clk 1:02:11]} Qh4 {[%clk 1:10:49]} 13. Be3
{[%clk 0:56:49]} g5 {[%clk 0:59:10]} 14. Rd4 {[%clk 0:39:31]} Qh6
{[%clk 0:57:23]} 15. Ne4 {[%clk 0:35:56]} Qg6 {[%clk 0:45:32]} 16. Nf6+
{[%clk 0:31:05]} Kf8 {[%clk 0:45:28]} 17. h4 {[%clk 0:25:12]} c5 {[%clk 0:36:43]}
18. h5 {[%clk 0:24:04]} Qg7 {[%clk 0:33:04]} 19. Rd2 {[%clk 0:24:21]} c6
{[%clk 0:29:15]} 20. Rad1 {[%clk 0:24:00]} Rc8 {[%clk 0:25:52]} 21. Qc4
{[%clk 0:18:32]} b6 {[%clk 0:25:38]} 22. Qa6 {[%clk 0:17:06]} Bxf6
{[%clk 0:20:01]} 23. exf6 {[%clk 0:17:29]} Qxf6 {[%clk 0:20:26]} 24. Rd6
{[%clk 0:17:07]} Qe7 {[%clk 0:18:34]} 25. b4 {[%clk 0:12:57]} cxb4
{[%clk 0:14:50]} 26. Bd4 {[%clk 0:11:42]} Qxd6 {[%clk 0:13:38]} 27. Bg7+
{[%clk 0:12:04]} Ke7 {[%clk 0:11:41]} 28. Rxd6 {[%clk 0:12:25]} Kxd6
{[%clk 0:12:06]} 29. Bxh8 {[%clk 0:12:44]} Rxh8 {[%clk 0:12:30]} 30. Qxa7
{[%clk 0:10:50]} Bxc2 {[%clk 0:08:29]} 31. Qxb6 {[%clk 0:10:33]} Re8
{[%clk 0:08:35]} 32. Qxb4+ {[%clk 0:10:47]} Kc7 {[%clk 0:08:25]} 33. Qc4
{[%clk 0:11:03]} 1-0